Clic Les implantations des écoles militaires (Terre) - Statistiques

Statistiques générales
  • Ce quiz a été pris 12 fois
  • Le résultat moyen est 10 sur 34
Statistiques - réponses
Hint Réponse % Correct
Lycée de la Défense d'Aix Aix-en-Provence
89%
Lycée de la Défense d'Autun Autun
89%
Prytanée national militaire La Flèche
78%
Lycée de la Défense de Saint-Cyr Saint-Cyr-l'École
78%
École nationale des sous-officiers d'active Saint-Maixent-l'École
67%
École militaire de haute montagne Chamonix
56%
Ecole militaire de l'Infanterie & Ecole militaire de l'artillerie Draguignan
56%
Ecole de cavalerie & Centre d'Etude et d'Enseignement au Renseignement à l'Armée de Terre & Centre Interarmées de Défense Nucléaire, Radiologique, Biologique et Chimique & Ecole d'Etat Major Saumur
56%
1er régiment étranger Aubagne
44%
6e bataillon de chasseurs alpins - Centre de formation initiale des militaires du rang de la 27e brigade d'infanterie de montagne Gap
44%
École militaire préparatoire technique & Ecole du matériel & Ecole du train et de la logistique opérationnelle Bourges
33%
École de l'aviation légère de l'Armée de terre Dax & Le Cannet-des-Maures
33%
Académie militaire de Saint-Cyr Coëtquidan & 1er régiment d'artillerie de marine - Centre de formation initiale des militaires du rang de la 9e brigade d'infanterie de marine Guer
33%
Centre de doctrine et d'enseignement du commandement & État-major spécialisé pour l'outre-mer et l'étranger Paris
33%
École des troupes aéroportées Pau
33%
École du génie Angers
22%
17e régiment d'artillerie - 17e groupe d'artillerie Biscarrosse
22%
Centre national d'entraînement commando Collioure & Mont-Louis
22%
18e régiment de transmissions - Centre de formation initiale des militaires du rang des transmissions Dieuze
22%
École militaire d'équitation & École interarmées des sports & Centre national des sports de la défense Fontainebleau
22%
3e régiment de chasseurs d'Afrique - Centre de formation initiale des militaires du rang de la 7e brigade blindée Valdahon
22%
12e régiment de chasseurs d’Afrique - Centre de formation initiale de la 2e brigade blindée Bitche
11%
1er régiment de chasseurs d'Afrique Canjuers
11%
4e régiment étranger Castelnaudary
11%
6e régiment de parachutistes d'infanterie de marine - Centre de formation initiale des militaires du rang de la 11e brigade parachutiste Caylus
11%
École des transmissions Cesson-Sévigné
11%
École franco-allemande de formation des équipages Tigre Le Cannet-des-Maures
11%
151e régiment d’infanterie - Centre de formation initiale des militaires du rang - 151e régiment d'infanterie Thierville-sur-Meuse
11%
22e régiment d'infanterie de marine - Centre de formation initiale des militaires du rang de la 9e brigade d'infanterie de marine Angoulême
0%
Groupement du recrutement de la Légion étrangère Fontenay-sous-Bois
0%
4e régiment d'infanterie de marine - Centre de formation initiale des militaires du rang de la 6e brigade légère blindée Fréjus
0%
Centre d'instruction de l'arme blindée et cavalerie Marseille
0%
135e régiment du train - Centre de formation initiale des militaires du rang de la logistique Montlhéry
0%
1er régiment du matériel - Centre de formation initiale des militaires du rang du matériel Nîmes
0%
Aucun quiz correspondant
Distribution des résultats
% des personnes avec chaque résultat
Percentile par nombre de réponses
Votre historique - résultats
Vous n’avez pas pris ce quiz